Algeria, 1830-2000 : a short history

Αποθηκεύτηκε σε:
Λεπτομέρειες βιβλιογραφικής εγγραφής
Κύριος συγγραφέας: Stora, Benjamin, 1950-
Άλλοι συγγραφείς: Todd, Jane Marie, 1957- (trlf)
Μορφή: Βιβλίο
Γλώσσα:English
French
Δημοσίευση: Ithaca : Cornell University Press, 2001.
Θέματα:
Ετικέτες: Προσθήκη ετικέτας
Δεν υπάρχουν, Καταχωρήστε ετικέτα πρώτοι!

MARC

LEADER 00000cam a2200000 a 4500
001 1/112519
008 161209s2001####enk| ||| 001 ||eng||
020 |a 9780801489167  
040 |a GR-MyUa  |b gre  |c GR-MyUa  |e AACR2 
041 1 |a eng  |h fre 
082 7 |a 965.046   |2 (23)  
100 1 |a Stora, Benjamin,   |d 1950- 
245 1 0 |a Algeria, 1830-2000 :   |b a short history /   |c Benjamin Stora ; translated by Jane Marie Todd ; foreword by William B. Quandt.  
260 |a Ithaca :   |b Cornell University Press,   |c 2001.  
300 |a xv, 283 σ. ;   |c 24 εκ.  
500 |a Μετάφραση του: Histoire de l'Algérie coloniale, 1830-1954 ; Histoire de la guerre d'Algérie, 1954-1962 ; Histoire de l'Algérie depuis l'indépendance.  
504 |a Περιλαμβάνει βιβλιογραφία (σ. 271-273) και ευρετήριο.  
505 8 |a The "phony war" (November 1954-July 1955) -- The open war (August 1955-December 1956) -- The cruel war (1957) -- The war of the Algerians (1954-1958) -- De Gaulle and the war (1958-1959) -- The wars within the war (1960-1961) -- The war and French society (1955-1962) -- The terrible end of war -- A war's toll -- Summer 1962 -- Ben Bella's Algeria (1962-1965) -- Boumédienne, the state, and the institutions -- Economic choices and foreign policy (1965-1978) -- Society and culture in Algeria (1962-1982) -- The jamming of the system (1979-1988) -- The crisis of October 1988 and its consequences -- Algeria at war.  
651 0 |a Algeria  |x History  |y Revolution, 1954-1962. 
651 0 |a Algeria  |x History  |y 1962-1990. 
651 0 |a Algeria  |x History  |y 1990- 
700 1 |a Todd, Jane Marie,   |d 1957-  |e trlf 
852 |a INST  |b LESVOS  |e 20161209  |h 965.046 STO  |p 005100058182  |q 005100058182  |t BK  |y 0 
970 |a Τζαφέρη  |b Ευαγγελία  |z 09-12-2016